The Gas Cylinders Rules, 2004/ (Record no. 189216)

MARC details
000 -LEADER
fixed length control field 00557nam a22001697a 4500
005 - DATE AND TIME OF LATEST TRANSACTION
control field 20220622115347.0
010 ## - LCCN (DPL NO)
LC control number ENG-133308
020 ## - INTERNATIONAL STANDARD BOOK NUMBER
Terms of availability 125.00
035 ## - SYSTEM CONTROL NUMBER
System control number EN-116840
037 ## - SOURCE OF ACQUISITION
Source of stock number/acquisition DBAD/PUB
082 ## - DEWEY DECIMAL CLASSIFICATION NUMBER
Classification number 665.7420218
245 ## - TITLE STATEMENT
Title The Gas Cylinders Rules, 2004/
260 ## - PUBLICATION, DISTRIBUTION, ETC. (IMPRINT)
Place of publication, distribution, etc Delhi
Name of publisher, distributor, etc Universal Law Publishing Co.Pvt. Ltd
Date of publication, distribution, etc 2011
270 ## - ADDRESS
City Delhi
Address C-FF-1A, Dilkhush Industrial Estate, (Opp. Hans Cinema, Azadpur) G.T. Karnal Road
Postal code 110033
Electronic mail address edit@unilawbooks.com
300 ## - PHYSICAL DESCRIPTION
Extent vp.
Dimensions 24cm(pbk)
942 ## - ADDED ENTRY ELEMENTS (KOHA)
Source of classification or shelving scheme Dewey Decimal Classification
Item type English Books
Classification part 665.7420218
Call number suffix THE
Holdings
Withdrawn status Lost status Not for loan Collection code Home library Current library Date acquired Source of acquisition Cost, normal purchase price Full call number Barcode Copy number Cost, replacement price Koha item type
    Not For Loan Non-fiction D.B.Act.Division Mobile Library 22/06/2022 DBAD/PUB 125.00 665.7420218 THE EN-116840 1 125.00 English Books

© Delhi Public Library
Hit Counter
free hit counter